000 00271 a2200109 4500
001 68020
040 _cAnchieta - Pituba
240 1 0 _aGincana interna Anchieta 2019
_lpor
245 1 0 _aGincana interna Anchieta 2019
650 4 _aLĂ­nguas espanhola e portuguesa
942 _cMX
999 _c68020
_d68020